Kleinste Länder der Welt nach Fläche (ohne Inseln) - Statistiken

Allgemein
  • Dieses Quiz wurde 555 mal gespielt
  • Das Durchschnittsergebnis liegt bei 17 aus 25
Antwortstatistiken
km² Antwort % Korrekt
0,44 Vatikanstadt
99%
160 Liechtenstein
96%
2,0 Monaco
94%
61 San Marino
92%
468 Andorra
91%
2.586 Luxemburg
90%
30.355 Lesotho
73%
11.586 Katar
69%
10.908 Kosovo
69%
17.364 Eswatini
68%
22.966 Belize
66%
13.812 Montenegro
63%
26.338 Ruanda
61%
27.830 Burundi
60%
21.041 El Salvador
60%
17.818 Kuwait
59%
25.713 Nordmazedonien
59%
11.300 Gambia
56%
23.200 Dschibuti
55%
20.770 Israel
55%
10.400 Libanon
50%
28.051 Äquatorialguinea
48%
20.273 Slowenien
45%
29.743 Armenien
39%
28.748 Albanien
38%
Keine übereinstimmenden Quizze gefunden
Verteilung der Resultate
Anzahl Personen mit jedem Resultat
Perzentil nach korrekt beantworteten Fragen
Ihre Resultats-Entwicklung
Sie haben dieses Quiz noch nicht gespielt